LEADER 00716nam a2200169 i 4500 001 000000218866 003 CaOOAMICUS 005 20130220000000.0 008 130220s1898 xx u000 u lat u 013 $a197763 040 $aSeMil$bita 245 10$aLiber 3. 300 $a492 p. 773 0 $aSanti, Francesco <1830-1885>$tPraelectiones juris canonici quas juxta ordinem decretalium Gregorii 9.$bEd. 3. emendata et recentissimis decretis accomodata / cura Martini Leitner.$dRatisbonae [etc.] : Sumptibus et typis Friderici Pustet, 1898-1899.$g3$w()28072 850 $aSeMil 852 $aSeMil$W1$xVenegono$y1$m2G III 38 FA$j169236$B169236$CSeMilBibl$Z2$F179993 $8I 996 $6245$aLiber 3$9(OLS)http://semarc/title/314160 LEADER 01312nam a2200241 i 4500 001 000000035603 003 CaOOAMICUS 005 20230529122105.0 008 100401n it u000 u ita u 040 $aSeMil$bita 245 00$aCento anni una storia che continua (1887-1987) :$bCronologia delle celebrazioni del Primo Centenario del Seminario Vescovile di Cremona. Con sezione storico-artistico. 264 1$a[S.l. :$bs.n.]$e(Soresina (Cr) :$fGrafiche Rossi,$g199[?]) 300 $a286 p. :$bill. ;$c25 cm. 500 $aAi pič del front : Cassa Rurale ed Artigiana di Cassalmorano. 650 4$aCremona (Diocesi) - Seminario.$0(OLS)http://semarc/subject/6554 774 0 $aGallina, Giuseppe$tOrigini dei seminari.$w()297131 774 0 $aMartini, Carlo Maria $tSeminario a servizio dell'educazione cristiana.$w()297132 850 $aSeMil 852 $aSeMil$W1$xVenegono$y1$m3G V 141$j1758$B1758$CSeMilBibl$Z2$F1758 $81 961 $aOmaggio: Casa editrice 996 $6245$aCento anni una storia che continua (1887-1987) :$bCronologia delle celebrazioni del Primo Centenario del Seminario Vescovile di Cremona. Con sezione storico-artistico$9(OLS)http://semarc/title/48859 996 $6264$a[S.l. :$bs.n.]$9(OLS)http://semarc/publisher/29751